Nomi ufficiali dei paesi europei - Statistics

Statistiche generali
  • Questo quiz è stato fatto 42 volte
  • Il punteggio medio è 19 su 45
Statistiche sulle risposte
Paese (nome semplice) Nome ufficiale % Corretto
Italia Repubblica Italiana
88%
Cechia Repubblica Ceca
73%
Francia Repubblica Francese
73%
Monaco Principato di Monaco
61%
Paesi Bassi Paesi Bassi
58%
Danimarca Regno di Danimarca
58%
Spagna Regno di Spagna
58%
Svezia Regno di Svezia
58%
Bulgaria Repubblica di Bulgaria
58%
San Marino Repubblica di San Marino
58%
Andorra Principato di Andorra
55%
Norvegia Regno di Norvegia
55%
Irlanda Repubblica d'Irlanda
55%
Belgio Regno del Belgio
52%
Germania Repubblica federale di Germania
48%
Liechtenstein Principato del Liechtenstein
45%
Austria Repubblica d'Austria
45%
Croazia Repubblica di Croazia
45%
Lettonia Repubblica di Lettonia
45%
Malta Repubblica di Malta
45%
Polonia Repubblica di Polonia
45%
Slovenia Repubblica di Slovenia
45%
Lituania Repubblica di Lituania
42%
Moldavia Repubblica di Moldavia
42%
Islanda Repubblica d'Islanda
42%
Portogallo Repubblica Portoghese
42%
Albania Repubblica d'Albania
39%
Serbia Repubblica di Serbia
39%
Slovacchia Repubblica Slovacca
39%
Russia Federazione Russa
36%
Bielorussia Repubblica di Bielorussia
36%
Cipro Repubblica di Cipro
36%
Finlandia Repubblica di Finlandia
36%
Bosnia-Erzegovina Bosnia ed Erzegovina
33%
Svizzera Confederazione Svizzera
30%
Grecia Repubblica Ellenica
30%
Regno Unito Regno Unito di Gran Bretagna e Irlanda del Nord
27%
Estonia Repubblica d'Estonia
24%
Lussemburgo Granducato del Lussemburgo
21%
Montenegro Montenegro
21%
Macedonia del Nord Repubblica della Macedonia del Nord
21%
Romania Romania
21%
Ucraina Ucraina
18%
Ungheria Ungheria
18%
Città del Vaticano Stato della Città del Vaticano
12%
Nessun quiz corrispondente trovato
Distribuzione punteggi
Percentuale di utenti per punteggio
Percentile per numero di risposta
I tuoi punteggi nel tempo
Non hai fatto questo quiz